Christmas Trivia - Statistics

General Stats
  • This quiz has been taken 117 times
  • The average score is 11 of 16
Answer Stats
Hint Answer % Correct
Which reindeer has a red, shiny nose? Rudolph
99%
What treat is left out for Santa, alongside a glass of milk? Cookie
97%
"Silent night / Holy _____" night
94%
What are you supposed to do when you find yourself under the mistletoe? Kiss
93%
Who was the father of baby Jesus? Joseph
90%
Where was baby Jesus born? Bethlehem
89%
Where does Santa Claus live? North Pole
89%
What color is the Grinch? Green
86%
Who got run over by a reindeer? Grandma
84%
What month does Christmas occur in? December
83%
Because there was no crib, what was baby Jesus laid in? Manger
76%
In Home Alone, where are the McCallisters going on vacation when they leave Kevin behind? Paris
51%
What famous Christmas carol became the first song ever broadcast from space? Jingle Bells
37%
What country do candy canes come from? Germany
36%
Which U.S. state has a town called Santa Claus? Indiana
14%
What do Swedish children leave for Santa Claus? Coffee
1%
No matching quizzes found
Score Distribution
Percent of People with Each Score
Percentile by Number Answered
Your Score History
You have not taken this quiz